| 000 | 00428nam a22001577a 4500 | ||
|---|---|---|---|
| 003 | OSt | ||
| 005 | 20211021110930.0 | ||
| 008 | 211021b |||||||| |||| 00| 0 eng d | ||
| 040 | _cHAWASSA UNIVERSITY | ||
| 050 |
_a631.5096/ONW _b1 |
||
| 082 |
_a631.5096/ONW _b1 |
||
| 100 |
_aONWUEME C.I. _qONWUEME C.I. _914832 |
||
| 245 | _aFIELD CROP PRODUCTION IN TROPICAL AFRICA | ||
| 260 |
_aNETHERLANDS _bCAT _c1991 |
||
| 942 |
_2ddc _cBOOKS _n0 |
||
| 999 |
_c14063 _d14063 |
||